Kviz iz geografije - Statistics

General Stats
  • This quiz has been taken 48 times
  • The average score is 7 of 15
Answer Stats
Hint Answer % Correct
afrički otok - dom lemura Madagaskar
89%
najveća rijeka u Južnoj Americi Amazon
82%
zemlja hiljadu jezera Finska
68%
najsjevernija američka savezna država Aljaska
63%
zamišljene linije koje spajaju Sjeverni i Južni pol meridijani
58%
najviši vrh Afrike Kilimandžaro
53%
grad u Brazilu poznat po karnevalu Rio de Janeiro
47%
drugi naziv za otok Cejlon Šri Lanka
47%
zemlja sa najviše muslimana na svijetu Indonezija
45%
najveća pustinja na svijetu Antarktika
32%
vodopadi na granici Kanade i SAD-a Nijagarini vodopadi
32%
najdublje jezero na svijetu Bajkalsko jezero
29%
glavni grad Hondurasa Tegucigalpa
21%
slana jezera na saharskom Atlasu šotovi
5%
prolaz između australskog kopna i Tasmanije Basov prolaz
3%
No matching quizzes found
Score Distribution
Percent of People with Each Score
Percentile by Number Answered
Your Score History
You have not taken this quiz